000 00763nam a2200205Ia 4500
003 0
005 20250128131319.0
008 150126s9999 xx 000 0 und d
050 _aPGS GV 706.4
_b.L149 2014
100 _aLacson, Regine Alyssa.
245 _aVarsity membership and sleeping habits /
_cRegine Alyssa Lacson.
260 _aLas Piñas City, Philippines :
_bSouthville International School and Colleges,
_c2014.
300 _a23 p. :
_bill. ;
_c28 cm.
504 _aIncludes bibliographical references.
650 _aSleep
_vPhysiological aspects—Children.
650 _aSports for children
_vHealth aspects.
650 _aSleep deprivation
_vPsychological aspects.
650 _aSports for children
_vPsychological aspects.
942 _2lcc
_cPASS
999 _c278599
_d278599